[Event "Maastricht Limburg op-B 8th"]
[Site "Maastricht"]
[Date "2014.06.06"]
[Round "1"]
[White "Mertens, Andreas"]
[Black "Coenen, Bert"]
[Result "1/2-1/2"]
[WhiteElo "1983"]
[BlackElo "1852"]
[PlyCount "74"]
[EventDate "2014.06.06"]
[EventType "swiss"]
[EventRounds "7"]
[EventCountry "NED"]
[SourceTitle "EXT 2015"]
[Source "ChessBase"]
[SourceDate "2014.11.20"]
[SourceVersion "1"]
[SourceVersionDate "2014.11.20"]
[SourceQuality "1"]

1. d4 d6 2. e4 Nf6 3. Bd3 e5 4. Nf3 Nbd7 5. c3 Be7 6. 0-0 0-0 7. Re1 c6 8. Nbd2 Re8 9. Nf1 Bf8 10. a4 b6 11. Bg5 Qc7 12. dxe5 dxe5 13. b4 a6 14. Bc4 Be7 15. Qb3 Rf8 16. Ng3 Bb7 17. Nf5 Bd8 18. Rad1 Ne8 19. Bxf7+ Rxf7 20. Bxd8 Qxd8 21. Ng5 Qxg5 22. Rxd7 Qh5 23. Rxb7 Kf8 24. Rxf7+ Qxf7 25. Qxf7+ Kxf7 26. Rd1 g6 27. Nd6+ Ke6 28. Nc4 b5 29. Nb2 Nd6 30. f3 a5 31. axb5 cxb5 32. bxa5 Rxa5 33. Nd3 Ra3 34. Nc5+ Ke7 35. Rd3 h5 36. Kf2 h4 37. Ke2 Nc4 1/2-1/2